| 000 | 00930cam a2200301 a 4500 | ||
|---|---|---|---|
| 999 |
_c118419 _d118419 |
||
| 001 | 14505104 | ||
| 003 | OSt | ||
| 005 | 20200616155250.0 | ||
| 008 | 060818s2006 ii b 000 0 eng | ||
| 010 | _a 2006414527 | ||
| 020 | _a9788131600290 | ||
| 025 | _aI-E-2006-414527; 68-91; 69-91 | ||
| 037 |
_bLibrary of Congress -- New Delhi Overseas Office _cRs750.00 |
||
| 040 |
_aDLC _cDLC |
||
| 042 | _alcode | ||
| 043 | _aa-ii--- | ||
| 050 | 0 | 0 |
_aDS432.R238 _bS59 2006 |
| 082 | _a305.56880954 SHY | ||
| 100 | 1 |
_aShyamlal, _d1944- |
|
| 245 | 1 | 0 |
_aUntouchable castes in India : _bThe Raigar movement (1940-2004) / _cShyamlal. |
| 260 |
_aJaipur : _bRawat Publications, _c2006. |
||
| 300 |
_axiv, 362 p. ; _c23 cm. |
||
| 650 | 0 |
_aRaigaras _xSocial conditions. |
|
| 650 | 0 |
_aRaigaras _xPolitics and government. |
|
| 906 |
_a7 _bcbc _corigode _d3 _encip _f20 _gy-gencatlg |
||
| 942 |
_2ddc _cIR |
||